000 00741cam a22002411 4500
001 sa 66003305
003 DLC
005 20260227112234.0
008 900214s1964 ii 000 0 sano
010 _asa 66003305
035 _a(OCoLC)21064351
040 _aDLC
_cWaU
_dDLC
041 0 _asanhin
042 _apremarc
050 0 0 _aPK3796
_b.M2 1964c
100 0 _aKālidāsa.
245 1 0 _aMahākavi-Kālidāsa-viracitam Mālavikāgnimitram nāma nāṭakam.
_bMalavikagnimitram of Kalidasa.
_cWith a critical commentary and introd.
260 _c1964.
300 _a2, 86, 2, 420 p.
_c18 cm.
500 _aHindi and Sanskrit; foreword and introd. in Hindi.
740 0 _aMālavikāgnimitram.
700 1 _aPant, Mohandev,
_d1905-
999 _c68795
_d68795